[Event "TCh-CHN 2012"]
[Site "Beijing CHN"]
[Date "2012.04.28"]
[Round "1"]
[White "Gu, Xiaobing"]
[Black "Wang, Xiaohui"]
[Result "0-1"]
[WhiteTitle "WGM"]
[BlackTitle "WIM"]
[WhiteElo "2257"]
[BlackElo "2209"]
[WhiteTeam "Wuxi"]
[BlackTeam "Zhejiang"]
[WhiteFideId "8602611"]
[BlackFideId "8603073"]
[EventDate "2012.04.28"]

1. e4 d6 2. d4 Nf6 3. Nc3 g6 4. Nge2 Bg7 5. g3 O-O 6. Bg2 Na6 7. O-O c5 8. h3
cxd4 9. Nxd4 Nc5 10. Be3 Bd7 11. Qd2 a6 12. Bh6 Rc8 13. Rfe1 b5 14. Bxg7 Kxg7
15. a3 e5 16. Nf3 Bc6 17. Nh2 Qc7 18. Ng4 Nxg4 19. hxg4 a5 20. Rac1 b4 21. axb4
axb4 22. Na2 b3 23. Nb4 Qb7 24. Nxc6 Rxc6 25. c3 Ra8 26. f4 Qe7 27. g5 Qa7 28.
Kh2 Rh8 29. f5 h6 30. f6+ Kh7 31. Ra1 Ra6 32. Rxa6 Qxa6 33. Qd5 Ne6 34. gxh6 Kg8
35. Bh3 Rxh6 36. Kg2 Ng5 37. Bg4 Nh7 38. Be2 Qc8 39. Qxd6 Qh3+ 40. Kf2 Qh2+ 41.
Ke3 Qxg3+ 42. Kd2 Qg5+ 43. Kd1 Nxf6 44. Bc4 Rh2 45. Rf1 Kg7 46. Bxb3 Rxb2 47.
Bc2 Rxc2 48. Kxc2 Qg2+ 49. Kb3 Qxf1 0-1

[Event "TCh-CHN 2012"]
[Site "Beijing CHN"]
[Date "2012.04.28"]
[Round "1"]
[White "Zhai, Mo"]
[Black "Huang, Qian"]
[Result "0-1"]
[WhiteTitle "WFM"]
[BlackTitle "WGM"]
[WhiteElo "2262"]
[BlackElo "2399"]
[WhiteTeam "Hebei"]
[BlackTeam "Chongqing"]
[WhiteFideId "8600201"]
[BlackFideId "8602689"]
[EventDate "2012.04.28"]

1. e4 g6 2. d4 Bg7 3. Nc3 c6 4. h4 h5 5. Be3 d5 6. e5 Nh6 7. Nf3 Bg4 8. Qd2 Nf5
9. Bf4 Bxf3 10. gxf3 Nd7 11. Bh3 e6 12. O-O-O Nxh4 13. Qe3 Bf8 14. Rdg1 Be7 15.
Kb1 Nf8 16. Ne2 Nf5 17. Bxf5 exf5 18. e6 Nxe6 19. Be5 Rf8 20. Nf4 Qd7 21. Re1
O-O-O 22. Nxe6 Qxe6 23. Qd2 Qd7 24. Qa5 a6 25. Re3 f6 26. Bh2 Rde8 27. Rhe1 g5
28. f4 Bd6 29. Qd2 g4 30. Bg3 Re4 31. a3 Rfe8 32. Rh1 Qf7 33. Qe1 R8e7 34. Qg1
Qe8 35. Rxe4 Rxe4 36. Qh2 Rxd4 37. Qxh5 Qxh5 38. Rxh5 Bxf4 39. Rxf5 Bg5 40. f3
gxf3 41. Rxf3 Kd7 42. Rb3 b5 43. Rc3 Bf4 44. Bf2 Rd1+ 45. Ka2 Be5 46. Rf3 Rf1
47. c3 Ke6 0-1

[Event "TCh-CHN 2012"]
[Site "Beijing CHN"]
[Date "2012.04.28"]
[Round "1"]
[White "Wang, Doudou"]
[Black "Tan, Zhongyi"]
[Result "0-1"]
[BlackTitle "WGM"]
[WhiteElo "2186"]
[BlackElo "2438"]
[WhiteTeam "Hebei"]
[BlackTeam "Chongqing"]
[WhiteFideId "8603197"]
[BlackFideId "8603642"]
[EventDate "2012.04.28"]

1. d4 d5 2. c4 e6 3. Nc3 Bb4 4. Nf3 Nf6 5. cxd5 exd5 6. Bg5 h6 7. Bh4 c5 8. e3
g5 9. Bg3 Ne4 10. Rc1 c4 11. Be2 Qa5 12. O-O Bxc3 13. bxc3 Nc6 14. Ne5 O-O 15.
Bf3 Nxg3 16. hxg3 Be6 17. Bh5 Nxe5 18. dxe5 f5 19. exf6 Rxf6 20. Qd4 Raf8 21.
Bf3 Qb6 22. Bxd5 Qxd4 23. Bxe6+ Rxe6 24. cxd4 b5 25. Rfe1 Rd8 26. f3 Rc6 27.
Red1 a5 28. d5 Rc5 29. e4 b4 30. Rd4 c3 31. Kf2 Rb8 32. d6 Kf7 33. Rh1 c2 34.
Rc1 a4 35. d7 Ke7 36. Ke2 b3 37. axb3 axb3 38. d8=Q+ Rxd8 39. Rb4 Rc3 40. Rb6
Rcd3 41. Rb7+ R8d7 0-1

[Event "TCh-CHN 2012"]
[Site "Beijing CHN"]
[Date "2012.04.28"]
[Round "1"]
[White "Liu, Qingnan"]
[Black "Ma, Zhonghan"]
[Result "1-0"]
[WhiteTitle "IM"]
[WhiteElo "2461"]
[BlackElo "2369"]
[WhiteTeam "Tianjin"]
[BlackTeam "Qingdao"]
[WhiteFideId "8603294"]
[BlackFideId "8607206"]
[EventDate "2012.04.28"]

1. e4 e5 2. Nc3 Nf6 3. g3 Bc5 4. Bg2 Nc6 5. Nge2 a6 6. O-O d6 7. d3 O-O 8. h3
Nd4 9. Kh2 Nxe2 10. Qxe2 c6 11. f4 h6 12. Qf3 Qe7 13. Ne2 Bb6 14. Bd2 Bd7 15.
Rae1 Rae8 16. b4 Nh7 17. a4 Bc7 18. d4 Bb6 19. Bc3 exd4 20. Nxd4 Nf6 21. a5 Bc7
22. Qd3 Qd8 23. Nb3 Re6 24. Rd1 c5 25. Bxf6 gxf6 26. bxc5 Bb5 27. c4 Ba4 28. Qe3
Bxb3 29. Qxb3 Bxa5 30. Qxb7 Qc8 31. c6 Qxb7 32. cxb7 Bc7 33. Rb1 Rb8 34. Rfd1
Re7 35. h4 Kg7 36. Rd4 Ba5 37. Rxd6 Rbxb7 38. Rxb7 Rxb7 39. e5 Rb2 40. exf6+ Kg6
41. h5+ Kf5 42. Kh3 Bc3 1-0

[Event "TCh-CHN 2012"]
[Site "Beijing CHN"]
[Date "2012.04.28"]
[Round "1"]
[White "Gong, Qianyun"]
[Black "Danielian, Elina"]
[Result "1/2-1/2"]
[WhiteTitle "WIM"]
[BlackTitle "GM"]
[WhiteElo "2302"]
[BlackElo "2478"]
[WhiteTeam "Qingdao"]
[BlackTeam "Tianjin"]
[WhiteFideId "8602425"]
[BlackFideId "13300210"]
[EventDate "2012.04.28"]

1. e4 c6 2. Nc3 d5 3. Qf3 dxe4 4. Nxe4 Nd7 5. b3 Ndf6 6. Nxf6+ Nxf6 7. Bb2 Bg4
8. Qf4 e6 9. Bd3 Bh5 10. Ne2 Be7 11. Qg3 Bg6 12. Bxg6 hxg6 13. O-O-O Qa5 14. Kb1
O-O-O 15. d4 Qf5 16. f4 Bd6 17. h3 Nd5 18. Qf3 Nb4 19. Rc1 Qd5 20. Qe3 Qa5 21.
a4 Kb8 22. Rhf1 Rde8 23. Qd2 Qd8 24. Rf3 Nd5 25. c4 Nf6 26. Qc2 Rh4 27. Bc3 Qc7
28. Be1 Rhh8 29. c5 Bf8 30. f5 Qd7 31. fxg6 fxg6 32. Nf4 g5 33. Ng6 Rh6 34. Bg3+
Ka8 35. Be5 Qf7 36. Nxf8 Rxf8 37. Kb2 a6 38. b4 Qd7 39. b5 cxb5 40. c6 Qxc6 41.
Rc3 Qe8 42. axb5 Qxb5+ 43. Rb3 Qd7 44. Qc5 Rhh8 45. Qb6 Nd5 46. Qa5 Rf2+ 47. Kb1
Rc8 48. Rc5 Rf1+ 49. Kb2 Rf2+ 50. Kb1 Rf1+ 51. Kb2 Rxc5 52. dxc5 Rf2+ 53. Ka1
Ne7 54. Bd6 Nc6 55. Qb6 g6 56. Qc7 Qxc7 57. Bxc7 Rc2 58. Bb6 Kb8 59. Rf3 Kc8 60.
Rf7 Rxg2 61. Rc7+ Kb8 62. Rg7 Kc8 63. Rc7+ Kb8 64. Rg7 Kc8 65. Rc7+ Kb8 66. Rg7 1/2-1/2

[Event "TCh-CHN 2012"]
[Site "Beijing CHN"]
[Date "2012.04.28"]
[Round "1"]
[White "Yu, Yangyi"]
[Black "Zhao, Jun"]
[Result "1-0"]
[WhiteTitle "GM"]
[BlackTitle "GM"]
[WhiteElo "2615"]
[BlackElo "2583"]
[WhiteTeam "Beijing"]
[BlackTeam "Shandong"]
[WhiteFideId "8603820"]
[BlackFideId "8602522"]
[EventDate "2012.04.28"]

1. e4 c5 2. Nf3 d6 3. d4 cxd4 4. Nxd4 Nf6 5. Nc3 a6 6. Bg5 e6 7. f4 Nbd7 8. Qe2
Qc7 9. O-O-O b5 10. a3 Bb7 11. g4 Be7 12. Kb1 h6 13. Bh4 Rc8 14. Be1 g5 15. fxg5
hxg5 16. h4 Ne5 17. Rh3 Nfd7 18. h5 Nb6 19. b3 Nbd7 20. Bd2 O-O 21. Bc1 Kh7 22.
Bb2 Nf6 23. Rg3 Ba8 24. Bg2 Qa7 25. Qd2 Rg8 26. Rf1 Rcf8 27. Bf3 Rc8 28. Rg2 Rg7
29. Rgf2 Ng8 30. Nd1 Nh6 31. Ne3 Kg8 32. Qe2 Bb7 33. Bg2 Qb8 34. Bh1 Rf8 35. Nf3
Qc7 36. Nd4 Qb8 37. Ka2 Rc8 38. Nf3 Qc7 39. Nxe5 dxe5 40. Rd1 f6 41. Qf1 Rf7 42.
Rfd2 Bc5 43. Qe2 Qb6 44. Rd3 Rfc7 45. Qf3 Be7 46. Rd7 Rf8 47. R1d3 Bc6 48. R7d6
Bxd6 49. Rxd6 Qb8 50. Rxe6 Qd8 51. Nd5 Bxd5 52. exd5 Rcf7 53. Qe4 Rg7 54. d6 Nf7
55. Qd5 Re8 56. Rxe8+ Qxe8 57. d7 Qe7 58. Bc3 Kh8 59. Bb4 Qd8 60. Qe6 Nh6 61.
Bc6 Kh7 62. Kb2 a5 63. Bc5 f5 64. gxf5 Ng4 65. h6 Rg8 66. Qf7+ Kh8 67. h7 1-0

[Event "TCh-CHN 2012"]
[Site "Beijing CHN"]
[Date "2012.04.28"]
[Round "1"]
[White "Xiu, Deshun"]
[Black "Wen, Yang"]
[Result "0-1"]
[WhiteTitle "GM"]
[BlackTitle "GM"]
[WhiteElo "2492"]
[BlackElo "2549"]
[WhiteTeam "Beijing"]
[BlackTeam "Shandong"]
[WhiteFideId "8603693"]
[BlackFideId "8602956"]
[EventDate "2012.04.28"]

1. d4 Nf6 2. c4 g6 3. Nc3 Bg7 4. e4 d6 5. f3 O-O 6. Be3 e5 7. Nge2 c6 8. Qd2
Nbd7 9. O-O-O a6 10. Kb1 b5 11. c5 Qa5 12. Qc2 d5 13. exd5 b4 14. dxc6 bxc3 15.
cxd7 Nd5 16. dxc8=Q Rfxc8 17. Qe4 Rab8 18. Bc1 Rxb2+ 19. Bxb2 Rb8 20. Ka1 Rxb2
21. Nxc3 Qxc3 22. Qd3 exd4 23. Qxc3 dxc3 24. Rxd5 Rb8 25. Rd8+ Rxd8 26. Kb1 Rd2
27. g3 Bd4 0-1

[Event "TCh-CHN 2012"]
[Site "Beijing CHN"]
[Date "2012.04.28"]
[Round "1"]
[White "Zhang, Jilin"]
[Black "Wang, Jue"]
[Result "1-0"]
[WhiteTitle "WGM"]
[WhiteElo "2257"]
[BlackElo "2366"]
[WhiteTeam "Shandong"]
[BlackTeam "Beijing"]
[WhiteFideId "8602867"]
[BlackFideId "8604070"]
[EventDate "2012.04.28"]

1. e4 c5 2. Nf3 e6 3. d4 cxd4 4. Nxd4 Nf6 5. Nc3 d6 6. g3 Be7 7. Bg2 O-O 8. O-O
Nc6 9. Nb3 Bd7 10. Qe2 a6 11. a4 Rc8 12. a5 Qc7 13. Rd1 Rfe8 14. Be3 Ne5 15. Bb6
Qb8 16. Bd4 Bc6 17. Nc1 Bf8 18. Nd3 Nxd3 19. Qxd3 Nd7 20. Na4 Bb5 21. Qd2 Qc7
22. Rdc1 Bc6 23. Nb6 Nxb6 24. Bxb6 Qd7 25. c4 h6 26. b4 Be7 27. Rab1 Bg5 28. Be3
Bxe3 29. Qxe3 d5 30. exd5 exd5 31. Qd4 Rcd8 32. cxd5 Bxd5 33. Rd1 Qb5 34. Bxd5
Rxd5 35. Qxd5 Re1+ 36. Rxe1 Qxd5 37. Red1 Qf3 38. Rdc1 h5 39. h4 Qd5 40. Rc5 Qe4
41. Rbc1 Qxb4 42. Rxh5 g6 43. Rd5 Qb2 44. Re1 Qc3 45. Red1 Kg7 46. Rd7 Qc6 47.
Re7 b6 48. axb6 Qxb6 49. Ra1 Kf6 50. Re2 Kf5 51. Ra4 g5 52. hxg5 Kxg5 53. Re5+
Kg6 54. Rea5 Qb1+ 55. Kg2 Qb7+ 56. Kh2 Qf3 57. Rxa6+ f6 58. Rf4 Qh5+ 59. Kg2
Qd5+ 60. Rf3 Qe4 61. Rxf6+ Kg5 62. Rf5+ Kg6 63. Rf4 Qd5 64. Kh2 Qh5+ 65. Kg1 Qh8
66. Rg4+ Kh5 67. Rh4+ 1-0

[Event "TCh-CHN 2012"]
[Site "Beijing CHN"]
[Date "2012.04.29"]
[Round "2"]
[White "Wang, Li"]
[Black "Zeng, Chongsheng"]
[Result "1/2-1/2"]
[WhiteTitle "IM"]
[BlackTitle "IM"]
[WhiteElo "2400"]
[BlackElo "2435"]
[WhiteTeam "Wuxi"]
[BlackTeam "Guangdong"]
[WhiteFideId "8604460"]
[BlackFideId "8603847"]
[EventDate "2012.04.28"]

1. d4 Nf6 2. c4 g6 3. Nc3 d5 4. cxd5 Nxd5 5. Bd2 Bg7 6. Nf3 O-O 7. Rc1 Nb6 8. e3
N8d7 9. Be2 e5 10. O-O c6 11. Qc2 Qe7 12. Rfd1 Re8 13. Be1 exd4 14. Nxd4 Ne5 15.
Na4 Nd5 16. Nc5 Bg4 17. h3 Bxe2 18. Qxe2 b6 19. Nd3 c5 20. Nxe5 Qxe5 21. Nf3 Qe6
22. Qc4 Rad8 23. b3 Bf6 24. a4 Ne7 25. Qxe6 fxe6 26. Kf1 Nc6 27. Ke2 Kf7 28.
Rxd8 Rxd8 29. Rd1 Rxd1 30. Kxd1 a6 31. Kc2 b5 32. axb5 axb5 33. Bc3 e5 34. e4
Ke6 35. Kd3 Kd6 36. Nd2 Bg5 37. Nf3 Bf6 38. Nd2 h5 39. g3 Ke6 40. Nf3 Nd8 1/2-1/2

[Event "TCh-CHN 2012"]
[Site "Beijing CHN"]
[Date "2012.04.29"]
[Round "2"]
[White "Lin, Chen"]
[Black "Yu, Shaoteng"]
[Result "1-0"]
[BlackTitle "GM"]
[WhiteElo "2446"]
[BlackElo "2507"]
[WhiteTeam "Wuxi"]
[BlackTeam "Guangdong"]
[WhiteFideId "8602298"]
[BlackFideId "8600660"]
[EventDate "2012.04.28"]

1. e4 c5 2. Nf3 e6 3. d4 cxd4 4. Nxd4 a6 5. Bd3 Nf6 6. O-O e5 7. Nb3 d6 8. c4
Be7 9. Nc3 O-O 10. h3 Nc6 11. Nd5 Be6 12. Be3 Nd7 13. Qd2 Re8 14. Rfd1 Bf8 15.
Nc1 Nc5 16. b4 Nxd3 17. Qxd3 Bxd5 18. cxd5 Nd4 19. Bxd4 exd4 20. Nb3 g6 21. Rac1
Bg7 22. Nxd4 Qd7 23. Rc4 Rac8 24. Rdc1 Rxc4 25. Rxc4 Qa4 26. Qc2 Qa3 27. Nf3 b5
28. Rc8 Rf8 29. e5 Qxb4 30. e6 fxe6 31. dxe6 d5 32. Qc7 Rxc8 33. Qxc8+ Bf8 34.
Qc7 Qe7 35. Qd7 Qd6 36. Ng5 Be7 37. Qe8+ Kg7 38. Qf7+ Kh6 39. h4 1-0

[Event "TCh-CHN 2012"]
[Site "Beijing CHN"]
[Date "2012.04.29"]
[Round "2"]
[White "Munguntuul, Batkhuyag"]
[Black "Gu, Xiaobing"]
[Result "1-0"]
[WhiteTitle "IM"]
[BlackTitle "WGM"]
[WhiteElo "2451"]
[BlackElo "2257"]
[WhiteTeam "Guangdong"]
[BlackTeam "Wuxi"]
[WhiteFideId "4900758"]
[BlackFideId "8602611"]
[EventDate "2012.04.28"]

1. e4 c5 2. Nf3 d6 3. d4 cxd4 4. Nxd4 Nf6 5. Nc3 a6 6. Be3 e5 7. Nde2 Nbd7 8.
Ng3 Qc7 9. a4 Nc5 10. Be2 Be7 11. O-O O-O 12. a5 Be6 13. Nd5 Nxd5 14. exd5 Bd7
15. c4 f5 16. b4 f4 17. bxc5 fxe3 18. Ne4 exf2+ 19. Rxf2 Rxf2 20. Kxf2 Bf5 21.
cxd6 Bxd6 22. Nxd6 Qc5+ 23. Kf1 Qxd6 24. Kg1 Rf8 25. Kh1 Be4 26. Qg1 Qb4 27. Qe3
Bb1 28. Qc1 Be4 29. Qe1 Qc5 30. Bf1 Rf4 31. h3 Qd6 32. Qe3 Qg6 33. Qe2 Qg3 34.
Kg1 Bf5 35. Qe1 Qxe1 36. Rxe1 Re4 37. Rxe4 Bxe4 38. Kf2 Kf7 39. Ke3 Bc2 40. c5
Ba4 41. Bc4 Kf6 42. Bd3 g6 43. Be4 Bd7 44. Kd3 Bc8 45. Kc4 Ke7 46. d6+ Ke6 47.
Bd5+ Kd7 48. Kd3 1-0

[Event "TCh-CHN 2012"]
[Site "Beijing CHN"]
[Date "2012.04.29"]
[Round "2"]
[White "Ju, Wenjun"]
[Black "Guo, Qi"]
[Result "1/2-1/2"]
[WhiteTitle "WGM"]
[BlackTitle "WGM"]
[WhiteElo "2557"]
[BlackElo "2351"]
[WhiteTeam "Shanghai"]
[BlackTeam "Jiangsu"]
[WhiteFideId "8603006"]
[BlackFideId "8604002"]
[EventDate "2012.04.28"]

1. d4 d5 2. c4 e6 3. Nf3 Nf6 4. g3 dxc4 5. Bg2 Nc6 6. Qa4 Bd7 7. Qxc4 Na5 8. Qd3
c5 9. Nc3 Bc6 10. e4 cxd4 11. Qxd4 Qxd4 12. Nxd4 Bb4 13. Nxc6 Nxc6 14. Bd2 O-O
15. f4 e5 16. Nd5 Bxd2+ 17. Kxd2 Rfd8 18. fxe5 Nxe5 19. Rac1 Nc6 20. Rhd1 Rd6
21. Ke2 Rad8 22. a3 Kf8 23. b4 a6 24. Nxf6 gxf6 25. Rd5 Ke7 26. Ke3 Ne5 27. Kd4
b6 28. Rc7+ R8d7 29. Rxd7+ Kxd7 30. Bf1 Nc6+ 31. Kc3 b5 32. Rh5 Ne5 33. Rxh7 Rd1
34. Bh3+ Ke7 35. Bf5 Rd3+ 36. Kc2 Rxa3 37. Rh8 Nc6 38. Kb2 Ra4 39. h4 Rxb4+ 40.
Kc3 Rc4+ 41. Kb2 Nd4 42. Ra8 Nxf5 43. exf5 Rg4 44. Rxa6 Rxg3 45. Rb6 Rh3 46.
Rxb5 Rxh4 47. Kc3 Re4 48. Rd5 Kf8 49. Kd3 Re1 50. Ra5 Kg7 51. Kd2 Re5 52. Ra6
Rxf5 53. Ke3 Kg6 54. Ra7 Re5+ 55. Kf4 Re6 56. Ra5 f5 57. Ra7 Re4+ 58. Kf3 Rb4
59. Ra8 Kf6 60. Rc8 Rb1 61. Ra8 Rf1+ 62. Kg2 Rf4 63. Kg3 Re4 64. Kf3 Rb4 65. Rc8
f4 66. Rc5 Kg6 67. Ra5 Rc4 68. Rb5 Ra4 1/2-1/2

[Event "TCh-CHN 2012"]
[Site "Beijing CHN"]
[Date "2012.04.29"]
[Round "2"]
[White "Wen, Yang"]
[Black "Liu, Guanchu"]
[Result "1/2-1/2"]
[WhiteTitle "GM"]
[WhiteElo "2549"]
[BlackElo "2260"]
[WhiteTeam "Shandong"]
[BlackTeam "Chengdu"]
[WhiteFideId "8602956"]
[BlackFideId "8603901"]
[EventDate "2012.04.28"]

1. d4 f5 2. c4 Nf6 3. g3 g6 4. Bg2 Bg7 5. Nh3 d6 6. d5 c6 7. O-O e5 8. dxe6 Bxe6
9. Qb3 Qe7 10. Nc3 Na6 11. Bf4 Nc5 12. Qd1 Rd8 13. b4 Nce4 14. Rc1 O-O 15. Be3
Ng4 16. Bd4 Nxc3 17. Rxc3 Ne5 18. Qc1 Bf7 19. Ng5 h6 20. Nxf7 Qxf7 21. b5 Kh7
22. bxc6 bxc6 23. Ra3 Nf3+ 24. Bxf3 Bxd4 25. Bxc6 Rb8 26. Bd5 Qe7 27. Qd2 Bc5
28. Rf3 Qe5 29. e3 Rb2 30. Qa5 Qg7 31. h3 h5 32. Qa4 Kh6 33. Kg2 Qe7 34. Kg1 Qg7
35. Qa5 Qe7 36. a3 Rfb8 37. Qe1 R8b3 38. Qc1 Kg7 39. a4 a5 40. Qd1 Qe5 41. Bc6
h4 42. g4 Rxe3 43. gxf5 Rxf3 44. Qxf3 1/2-1/2

[Event "TCh-CHN 2012"]
[Site "Beijing CHN"]
[Date "2012.04.29"]
[Round "2"]
[White "Ren, Xiaoyi"]
[Black "Zhang, Jilin"]
[Result "1-0"]
[BlackTitle "WGM"]
[WhiteElo "2202"]
[BlackElo "2257"]
[WhiteTeam "Chengdu"]
[BlackTeam "Shandong"]
[WhiteFideId "8608709"]
[BlackFideId "8602867"]
[EventDate "2012.04.28"]

1. d4 Nf6 2. c4 c5 3. e3 g6 4. Nf3 Bg7 5. Nc3 O-O 6. Be2 d6 7. O-O Nbd7 8. Rb1
a6 9. b4 Qc7 10. Ba3 b6 11. Qd2 Bb7 12. bxc5 dxc5 13. d5 Ne8 14. Rb3 Nd6 15. Rc1
Rfb8 16. Ng5 Bc8 17. Nce4 Nf6 18. Bd3 Ndxe4 19. Nxe4 Ng4 20. Ng3 Bd7 21. Be4 Qd6
22. h3 Nf6 23. Bb2 b5 24. f4 b4 25. Be5 Nxe4 26. Nxe4 Qb6 27. Bxb8 Rxb8 28. Ng5
a5 29. e4 a4 30. Rbb1 Rd8 31. Nf3 Bc8 32. Kh1 Qc7 33. e5 Bh6 34. Re1 Ba6 35. Re4
Qd7 36. Qf2 Qc7 37. Rd1 Bb7 38. Ng5 Qc8 39. Qh4 Bxg5 40. fxg5 e6 41. Qh6 exd5
42. Rh4 Qe6 43. Qxh7+ Kf8 44. Rf4 d4 45. Rf6 Qxc4 46. Rdf1 Bd5 47. Qxg6 Ke7 48.
Qf5 Be6 49. Qf3 Qd5 50. Qg3 Rg8 51. h4 d3 52. Rd1 c4 53. Qe3 Rh8 54. Rh6 Rd8 55.
Qa7+ Rd7 56. Qxa4 Rb7 57. Rh8 Qd7 58. Qa8 Qc7 59. Qf8+ Kd7 60. Qe8# 1-0

[Event "TCh-CHN 2012"]
[Site "Beijing CHN"]
[Date "2012.04.29"]
[Round "2"]
[White "Mu, Ke"]
[Black "Xiu, Deshun"]
[Result "1/2-1/2"]
[BlackTitle "GM"]
[WhiteElo "2286"]
[BlackElo "2492"]
[WhiteTeam "Qingdao"]
[BlackTeam "Beijing"]
[WhiteFideId "8602778"]
[BlackFideId "8603693"]
[EventDate "2012.04.28"]

1. d4 Nf6 2. c4 e6 3. Nc3 Bb4 4. a3 Bxc3+ 5. bxc3 c5 6. e3 Nc6 7. Bd3 e5 8. Ne2
e4 9. Bb1 Qe7 10. Ng3 d6 11. Qc2 O-O 12. O-O Re8 13. f3 exf3 14. Rxf3 g6 15. e4
Bg4 16. Rf1 Nh5 17. Nxh5 Bxh5 18. Qf2 Na5 19. h3 g5 20. Qg3 h6 21. Ra2 Bg6 22.
Raf2 Nxc4 23. Rf6 Kg7 24. Bxg5 hxg5 25. Qxg5 Nxa3 26. e5 Nxb1 27. Rxf7+ Qxf7 28.
Rxf7+ Kxf7 29. Qf6+ Kg8 30. Qxg6+ Kh8 31. exd6 Nxc3 32. Qh5+ Kg7 33. Qg4+ Kh7
34. Qh4+ Kg7 35. Qg3+ Kf7 36. Qxc3 cxd4 37. Qxd4 a5 38. Qd5+ Kf6 39. d7 Rg8 40.
Qd6+ Kf7 41. g4 a4 42. Kh2 Rad8 43. Qf4+ Ke7 44. Qb4+ Kxd7 45. Qxb7+ Ke6 46.
Qe4+ Kf6 47. Qxa4 Rd2+ 48. Kg3 Rd3+ 49. Kf4 Rgd8 50. g5+ Kg7 51. Qa1+ R3d4+ 52.
Ke3 Kg6 53. h4 Rd3+ 54. Ke4 R3d6 55. Qa7 R8d7 56. Qc5 Re6+ 57. Kf4 Rf7+ 58. Kg4
Re4+ 59. Kg3 Rfe7 60. Qc2 Kh5 61. Qd1+ Kg6 62. Qd3 Kg7 63. Qc3+ Kg8 64. Qf6 R7e6
65. Qf5 R4e5 66. Qc2 Re4 67. h5 Kg7 68. Kf3 Re1 69. h6+ Kf8 70. g6 Rf6+ 71. Kg2
Re8 72. Qc5+ Kg8 73. Qd5+ Rfe6 74. h7+ Kg7 75. h8=Q+ Kxh8 76. Qh5+ Kg7 77. Qh7+
Kf6 78. g7 Re2+ 79. Kf1 Re1+ 80. Kf2 R1e2+ 81. Kf1 Re1+ 82. Kf2 R1e2+ 83. Kf1
Re1+ 84. Kf2 1/2-1/2

[Event "TCh-CHN 2012"]
[Site "Beijing CHN"]
[Date "2012.04.29"]
[Round "2"]
[White "Wang, Jue"]
[Black "Hoang, Thi Bao Tram"]
[Result "0-1"]
[BlackTitle "WGM"]
[WhiteElo "2366"]
[BlackElo "2356"]
[WhiteTeam "Beijing"]
[BlackTeam "Qingdao"]
[WhiteFideId "8604070"]
[BlackFideId "12401102"]
[EventDate "2012.04.28"]

1. e4 c6 2. d4 d5 3. e5 Bf5 4. Nf3 e6 5. Be2 Nd7 6. O-O Ne7 7. Nh4 Bg6 8. Nxg6
hxg6 9. Nd2 Nf5 10. Nf3 Be7 11. g4 Nh4 12. Nxh4 Rxh4 13. f4 Qb6 14. Be3 O-O-O
15. Rb1 Rdh8 16. Rf2 f6 17. c4 g5 18. f5 exf5 19. cxd5 Nxe5 20. dxc6 Nxg4 21.
cxb7+ Kb8 22. Bxg4 Rxg4+ 23. Kh1 Bd6 24. Rc1 Qxb7+ 25. d5 Qe7 26. Qd3 Rgh4 27.
Rcc2 Ka8 28. Kg1 Rh3 29. Rfe2 f4 30. Qa6 Rxe3 31. Qc6+ Kb8 32. Kf1 Rxe2 33. Rxe2
Rc8 34. Qa6 Be5 35. Qd3 g4 36. Re4 Rc1+ 37. Ke2 f3+ 38. Ke3 Qc5+ 39. Kd2 f2 0-1

[Event "TCh-CHN 2012"]
[Site "Beijing CHN"]
[Date "2012.04.29"]
[Round "2"]
[White "Zhao, Xue"]
[Black "Gong, Qianyun"]
[Result "1-0"]
[WhiteTitle "GM"]
[BlackTitle "WIM"]
[WhiteElo "2543"]
[BlackElo "2302"]
[WhiteTeam "Beijing"]
[BlackTeam "Qingdao"]
[WhiteFideId "8601283"]
[BlackFideId "8602425"]
[EventDate "2012.04.28"]

1. d4 Nf6 2. c4 c5 3. d5 e5 4. Nc3 d6 5. e4 Be7 6. Bd3 Nbd7 7. Nge2 O-O 8. h4
Ne8 9. Ng3 g6 10. Qd2 h5 11. Nf1 Ng7 12. g3 a6 13. Qc2 Nf6 14. Nh2 Ng4 15. Nxg4
Bxg4 16. Be2 Bxe2 17. Qxe2 Kh7 18. Be3 Qd7 19. a4 Bd8 20. a5 Rb8 21. f4 exf4 22.
Bxf4 Bf6 23. O-O Rbe8 24. Kh2 Nf5 25. Qd3 Nd4 26. Rf2 Bg7 27. Raf1 Nb3 28. Ne2
Nd4 29. Ng1 f6 30. Nh3 Kg8 31. b4 f5 32. exf5 Rxf5 33. Ng5 cxb4 34. Ne4 Rff8 35.
Ng5 Rf5 36. Ne4 Rxe4 37. Qxe4 b3 38. Bc1 Qf7 39. Kg2 Be5 40. Bb2 Qf6 41. Bc1 Qf7
42. Bb2 Qf6 43. Bxd4 Bxd4 44. Rxf5 gxf5 45. Rxf5 1-0

[Event "TCh-CHN 2012"]
[Site "Beijing CHN"]
[Date "2012.04.29"]
[Round "2"]
[White "Danielian, Elina"]
[Black "Zhai, Mo"]
[Result "1-0"]
[WhiteTitle "GM"]
[BlackTitle "WFM"]
[WhiteElo "2478"]
[BlackElo "2262"]
[WhiteTeam "Tianjin"]
[BlackTeam "Hebei"]
[WhiteFideId "13300210"]
[BlackFideId "8600201"]
[EventDate "2012.04.28"]

1. d4 Nf6 2. Nf3 e6 3. e3 b6 4. Bd3 Bb7 5. O-O Be7 6. c4 c5 7. Nc3 cxd4 8. exd4
d6 9. d5 e5 10. Ne1 O-O 11. f4 Nbd7 12. Nf3 Rc8 13. a4 a6 14. Qe2 Re8 15. fxe5
dxe5 16. Ng5 Nf8 17. Qf3 Ng6 18. Qh3 b5 19. b3 bxc4 20. bxc4 Qb6+ 21. Kh1 Rc7
22. Bxg6 hxg6 23. Rxf6 Bxf6 24. Qh7+ 1-0

[Event "TCh-CHN 2012"]
[Site "Beijing CHN"]
[Date "2012.04.29"]
[Round "2"]
[White "Huang, Qian"]
[Black "Wang, Xiaohui"]
[Result "1-0"]
[WhiteTitle "WGM"]
[BlackTitle "WIM"]
[WhiteElo "2399"]
[BlackElo "2209"]
[WhiteTeam "Chongqing"]
[BlackTeam "Zhejiang"]
[WhiteFideId "8602689"]
[BlackFideId "8603073"]
[EventDate "2012.04.28"]

1. c4 c6 2. Nf3 d5 3. b3 Nf6 4. Bb2 g6 5. g3 Bg7 6. Bg2 O-O 7. O-O Re8 8. d4 Bf5
9. e3 Nbd7 10. Qe2 a6 11. Nc3 dxc4 12. e4 Bg4 13. e5 Nd5 14. bxc4 Nxc3 15. Bxc3
Qc7 16. Rfe1 e6 17. h3 Bxf3 18. Qxf3 Rac8 19. c5 b6 20. cxb6 Nxb6 21. Ba5 Qa7
22. Rac1 Nd5 23. Qd3 Bf8 24. Rc4 Qd7 25. Rec1 Qb7 26. Qb3 Qb5 27. Be1 Rb8 28.
Rxc6 Qxc6 29. Rxc6 Rxb3 30. axb3 Rb8 31. Bxd5 exd5 32. Rxa6 Rxb3 33. Bd2 Ra3 34.
Rb6 Ra7 35. Rb8 Kg7 36. Rd8 Be7 37. Rxd5 f6 38. Rb5 Kf7 39. Be3 fxe5 40. dxe5
Ra6 41. Kg2 h5 42. Kf3 Ra4 43. Rb6 Rc4 44. h4 Rb4 45. Ra6 Rb3 46. Ke4 Rb4+ 47.
Kd3 Rb3+ 48. Kc4 Rb4+ 49. Kc3 Re4 50. Bd4 Re1 51. Be3 Rb1 52. e6+ 1-0

[Event "TCh-CHN 2012"]
[Site "Beijing CHN"]
[Date "2012.04.29"]
[Round "2"]
[White "Lu, Shanglei"]
[Black "Motylev, Alexander"]
[Result "1/2-1/2"]
[WhiteTitle "GM"]
[BlackTitle "GM"]
[WhiteElo "2514"]
[BlackElo "2683"]
[WhiteTeam "Zhejiang"]
[BlackTeam "Chongqing"]
[WhiteFideId "8603332"]
[BlackFideId "4121830"]
[EventDate "2012.04.28"]

1. e4 c6 2. Nc3 d5 3. Nf3 Bg4 4. h3 Bxf3 5. Qxf3 e6 6. d4 dxe4 7. Nxe4 Qxd4 8.
c3 Qb6 9. Be3 Qxb2 10. Rd1 Be7 11. Bd4 h5 12. Qg3 Nd7 13. Bd3 Ngf6 14. Rb1 Qxa2
15. Rxb7 e5 16. O-O Qd5 17. Re1 O-O 18. Nxf6+ Bxf6 19. Be4 Qd6 20. Bxa7 Nc5 21.
Bxc5 Qxc5 22. Qf3 Rfb8 23. Reb1 Rxb7 24. Rxb7 Qa3 25. g3 Qc1+ 26. Kg2 Qg5 27.
Bxc6 h4 28. g4 Qf4 29. Qd5 Rf8 30. Rb4 Qc1 31. Rb7 Qf4 32. c4 Qd4 33. c5 e4 34.
g5 Qxd5 35. Bxd5 Bxg5 36. c6 Bf4 37. Rd7 Kh7 38. Bxe4+ f5 39. Bd3 Kg6 40. Ba6
Rf7 41. Rd4 Kg5 42. Bc8 Rc7 43. Bd7 Ra7 44. Rd5 g6 45. Rc5 Bd6 46. Rc2 Bf4 47.
Kf1 Bc7 48. Bc8 Ra8 49. Be6 Kf6 50. Bd5 Rd8 51. Bf3 g5 52. Rb2 Rg8 53. Bd5 1/2-1/2